Quiz wiedzy ogólnej #38 - Statystyki

Ogólne statystyki
  • Ten quiz został rozwiązany 871 razy
  • Średni wynik to 10 z 20
Statystyki odpowiedzi
Pytanie Odpowiedź % Poprawnych
Jak nazywa się film opowiadający o chłopcu, który zostaje w swoim domu na Boże Narodzenie? Kevin sam w domu
89%
Które rosyjskie jezioro jest najgłębsze i najstarsze? Bajkał
85%
Który kraj leży bezpośrednio na południe od Cieśniny Gibraltarskiej? Maroko
85%
Jak przedstawił się Franek Dolas podczas przesłuchania w filmie "Jak rozpętałem drugą wojnę światową"? Grzegorz Brzęczyszczykiewicz
68%
Jaką metodą, zwaną również sonarem biologicznym, posługują się nietoperze do nawigacji? Echolokacja
66%
Częścią jakiego kraju jest Siedmiogród? Rumunii
64%
Który dyktator rządził Hiszpanią w latach 1939-1975? Francisco Franco
58%
Jaka choroba jest powodowana przez niedobór witaminy C? Szkorbut
56%
"Który przebojowy film z 1997 roku opowiadał historię wydarzeń, które miały miejsce 85 lat wcześniej?" Titanic
52%
W której książce występuje Golarz Filip? W Akademii Pana Kleksa
51%
Jak nazywa się najdroższy rodzaj wołowiny na świecie (wskazówka: pochodzi z Japonii) Wagyu
45%
Co oznacza skrót "p.o."? pełniący obowiązki
42%
W jakim mieście "Wielki Smog" zabił 4 tysiące osób w przeciągu 4 dni w 1952 roku? W Londynie
41%
Który raper odpowiada za piosenkę "U Can't Touch This", pierwszy rapowy utwór nominowany do nagrody Grammy? MC Hammer
37%
Jeżeli Mario zje grzybka, to urośnie. Co musi zjeść, aby móc strzelać kulami ognia? Kwiat
33%
Która postać z komiksów miała alter ego o imieniu Diana Prince? Wonder Woman
31%
Jak nazywa się najlepiej sprzedające się auto hybrydowe w historii? Toyota Prius
29%
Jeżeli Hermes to 1, Afrodyta to 2, a Zeus to 5, kto jest 4? Ares
26%
Którym krajem rządził F. W. De Klerk? Republiką Południowej Afryki
23%
Co oznacza łaciński zwrot ad fontes? Do źródeł
11%
Nie znaleziono quizów pasujących do podanych kryteriów
Rozkład punktacji
Procent ludzi z każdym wynikiem
Percentyl według liczby udzielonych odpowiedzi
Twoja historia wyników
Nie rozwiązałeś tego quizu